| 000 | 00515cam a2200169 a 4500 | ||
|---|---|---|---|
| 020 | _a0804711747 | ||
| 040 | _cDLC | ||
| 082 | 0 | 0 | _a305 STA 1983 A014 Or. |
| 100 | 1 | _aBernstein, Gail Lee. | |
| 245 | 1 | 0 |
_aHaruko's world : _ba Japanese farm woman and her community / |
| 260 |
_aStanford, Calif. : _bStanford University Press, _c1983. |
||
| 300 |
_axvii, 199 p. : _bill. ; _c23 cm. |
||
| 650 | 0 | _aRural women | |
| 650 | 0 | _aRural families | |
| 856 | 4 | 1 | _uhttp://www.loc.gov/catdir/toc/cam027/82061783.html |
| 942 | _cEK | ||
| 999 |
_c13066 _d13066 |
||